000 01021nam a22002897a 4500
001 BR9001806
003 BR-BrBNA
005 20230928093423.0
007 ta
008 230509b bl.||||| |||| 00| 0 por d
040 _aBR-BrBNA
_bpor
_cBiblioteca Nacional de Agricultura
041 _a(Por)
072 _aF04
_b1959
_b/G514
090 _ 1959 BR9001806
100 1 _aFlaresso, J.A.
110 1 _aUniversidade Federal do Rio Grande do Sul, Porto Alegre (Brasil). Faculdade de Agronomia
_0Dissertacao (Mestre)
245 1 _aInfluencia de regimes de corte e adubacao no rendimento de materia seca, reservas de glicidios nao-estruturais e ressemeadura natural de Lotus corniculatus L.
260 3 _aPorto Alegre, RS (Brasil):
_c1989.
300 _a122 p.
500 _a7 tables; 9 graphys; Summaries (Eng, Por); Bibliography p. 93-101 (80 ref.)
650 _aCORNICHAO
650 _aADUBACAO
650 _aMATERIA SECA
650 _aRIO GRANDE DO SUL
909 _a202309
_bLucia
_c55
_dLucia Elande
942 _cBK
999 _c44885
_d44885